000
00302nam a22001457a 4500
008
210302b ||||| |||| 00| 0 eng d
020
_a
9780763860097
041
_a
eng
080
_a
004
082
_a
004
100
_a
28
101
_a
SHKI
245
_a
Windows 8.1
_c
Wempen, F
942
_2
udc
_c
BK
999
_c
55426
_d
55426